[Event "CRO Cup"]
[Site "Mali Losinj"]
[Date "2025.05.17"]
[Round "5.1"]
[White "Safar, Sandro"]
[Black "Anic, Darko"]
[Result "1-0"]
[WhiteElo "2340"]
[BlackElo "2345"]
[PlyCount "105"]
[EventDate "2025.05.14"]
[EventType "team-tourn"]
[EventRounds "6"]
[EventCountry "CRO"]
[SourceTitle "CB21_2025"]
[SourceDate "2025.05.21"]
[SourceVersion "1"]
[SourceVersionDate "2025.05.21"]
[SourceQuality "1"]
[WhiteTeam "Dugo Selo"]
[BlackTeam "Zagreb Novi"]
[WhiteTeamCountry "CRO"]
[BlackTeamCountry "CRO"]

1. e4 e5 2. Nf3 Nc6 3. d4 exd4 4. Nxd4 Bc5 5. Nb3 Bb4+ 6. Bd2 a5 7. a3 Be7 8. Be3 Nf6 9. Nc3 d6 10. f3 Ne5 11. Qd2 c6 12. a4 0-0 13. Be2 Qc7 14. g4 Rd8 15. g5 Ne8 16. f4 Ng6 17. h4 d5 18. exd5 Bd6 19. h5 Nxf4 20. 0-0-0 Ng2 21. Rdf1 Nxe3 22. Qxe3 Qe7 23. Qxe7 Bxe7 24. g6 Nf6 25. gxf7+ Kxf7 26. dxc6 bxc6 27. h6 gxh6 28. Ne4 Rf8 29. Nxf6 Bxf6 30. Rxh6 Kg7 31. Rh5 h6 32. Rxa5 Bg5+ 33. Kb1 Rxf1+ 34. Bxf1 Rxa5 35. Nxa5 Bd7 36. Bg2 c5 37. b3 Bd2 38. Nc4 Bc3 39. Bb7 Be6 40. Nd6 h5 41. Ne4 Bd4 42. a5 c4 43. b4 Ba7 44. Nd6 Kf6 45. Nb5 Bb8 46. a6 Ke5 47. a7 Bxa7 48. Nxa7 Bd5 49. Bc8 Bg2 50. b5 h4 51. b6 Kd6 52. Nb5+ Kc5 53. b7 1-0

[Event "CRO Cup"]
[Site "Mali Losinj"]
[Date "2025.05.15"]
[Round "2.1"]
[White "Anic, Darko"]
[Black "Sale, Srdjan"]
[Result "1/2-1/2"]
[WhiteElo "2345"]
[BlackElo "2243"]
[PlyCount "53"]
[EventDate "2025.05.14"]
[EventType "team-tourn"]
[EventRounds "6"]
[EventCountry "CRO"]
[SourceTitle "CB21_2025"]
[SourceDate "2025.05.21"]
[SourceVersion "1"]
[SourceVersionDate "2025.05.21"]
[SourceQuality "1"]
[WhiteTeam "Zagreb Novi"]
[BlackTeam "Sibenik"]
[WhiteTeamCountry "CRO"]
[BlackTeamCountry "CRO"]

1. Nf3 Nf6 2. c4 e6 3. g3 a6 4. Bg2 b5 5. d3 Bb7 6. 0-0 Be7 7. Nc3 b4 8. Na4 a5 9. e4 0-0 10. e5 Ne8 11. Nd4 Bxg2 12. Kxg2 d6 13. exd6 cxd6 14. Qf3 Ra6 15. a3 Bf6 16. Be3 Bxd4 17. Bxd4 Nc6 18. Be3 f5 19. axb4 axb4 20. d4 Nf6 21. Nc5 Rxa1 22. Rxa1 Nxd4 23. Bxd4 dxc5 24. Bxc5 Re8 25. Bxb4 Qb6 26. Bc3 Ne4 27. Rd1 1/2-1/2

[Event "Hvar Arsenal op 3rd"]
[Site "Hvar"]
[Date "2024.10.15"]
[Round "2"]
[White "Anic, Darko"]
[Black "Michael, Plepelic"]
[Result "1-0"]
[WhiteElo "2352"]
[BlackElo "1523"]
[PlyCount "75"]
[EventDate "2024.10.14"]
[EventType "swiss"]
[EventRounds "9"]
[EventCountry "CRO"]
[SourceTitle "CB43_2024"]
[Source "Chessbase"]
[SourceDate "2024.10.23"]
[SourceVersion "1"]
[SourceVersionDate "2024.10.23"]
[SourceQuality "1"]

1. Nf3 e6 2. d4 b6 3. g3 Bb7 4. Bg2 d5 5. 0-0 c5 6. c4 Nf6 7. Nc3 Be7 8. Ne5 0-0 9. cxd5 Bxd5 10. Nxd5 Nxd5 11. e4 Nc7 12. d5 Bf6 13. Nc4 e5 14. f4 Nd7 15. Bh3 exf4 16. gxf4 Bd4+ 17. Be3 Bxe3+ 18. Nxe3 Nf6 19. Qd3 Re8 20. Bg2 Nh5 21. Rad1 Qh4 22. Nf5 Qg4 23. h3 Qg6 24. d6 Ne6 25. d7 Qxg2+ 26. Kxg2 Nhxf4+ 27. Kh2 Nxd3 28. dxe8Q+ Rxe8 29. Rxd3 g6 30. Nh6+ Kg7 31. Nxf7 Nd4 32. Ng5 Kh6 33. Nf3 Ne2 34. Rd7 Rxe4 35. Rxh7+ Kxh7 36. Ng5+ Kh6 37. Nxe4 a5 38. Rf6 1-0

[Event "CRO-chT1B 31st"]
[Site "Veli Losinj"]
[Date "2023.10.12"]
[Round "2.43"]
[White "Anic, Darko"]
[Black "Segovic, Goran"]
[Result "1/2-1/2"]
[WhiteElo "2381"]
[BlackElo "2324"]
[PlyCount "72"]
[EventDate "2023.10.11"]
[EventType "team-tourn"]
[EventRounds "9"]
[EventCountry "CRO"]
[SourceTitle "CBM 216 Extra"]
[Source "ChessBase"]
[SourceDate "2023.11.30"]
[SourceVersion "1"]
[SourceVersionDate "2023.11.30"]
[SourceQuality "1"]
[WhiteTeam "Zagreb Novi Zagreb"]
[BlackTeam "Mihovljan Sloboda"]
[WhiteTeamCountry "CRO"]
[BlackTeamCountry "CRO"]

1. Nf3 Nf6 2. c4 e6 3. b3 d5 4. Bb2 Be7 5. g3 a6 6. Bg2 b5 7. 0-0 Bb7 8. cxd5 exd5 9. d4 0-0 10. Nbd2 Nbd7 11. Rc1 Bd6 12. Ne5 Rc8 13. Bh3 Ra8 14. Ndf3 a5 15. Qc2 h6 16. Nh4 Re8 17. e3 Nxe5 18. dxe5 Rxe5 19. Bxe5 Bxe5 20. Rfd1 c6 21. Bg2 Qb6 22. Nf5 Re8 23. Nd4 Bd6 24. Qd3 Nd7 25. a4 b4 26. Qc2 Nc5 27. Re1 Ba6 28. Bf1 Bf8 29. Red1 Bc8 30. h3 Bd7 31. Bg2 Bc8 32. Re1 Ba6 33. Rcd1 Bb7 34. Rc1 Ba6 35. Rcd1 Bb7 36. Rc1 Ba6 1/2-1/2

[Event "FRA-chT Top 12"]
[Site "Drancy"]
[Date "2016.05.28"]
[Round "1.3"]
[White "Degraeve, Jean Marc"]
[Black "Anic, Darko"]
[Result "1-0"]
[WhiteElo "2561"]
[BlackElo "2381"]
[PlyCount "84"]
[EventDate "2016.05.28"]
[EventType "team-tourn"]
[EventRounds "11"]
[EventCountry "FRA"]
[SourceTitle "CBM 172 Extra"]
[Source "ChessBase"]
[SourceDate "2016.06.21"]
[SourceVersion "1"]
[SourceVersionDate "2016.06.21"]
[SourceQuality "1"]
[WhiteTeam "Saint Quentin"]
[BlackTeam "Chalons en Champagne"]
[WhiteTeamCountry "FRA"]
[BlackTeamCountry "FRA"]

1. d4 d5 2. c4 e6 3. Nf3 Nd7 4. cxd5 exd5 5. Bf4 c6 6. e3 Ndf6 7. Qc2 Ne7 8. Bd3 g6 9. Nc3 Bf5 10. 0-0 Bxd3 11. Qxd3 Nf5 12. Bg5 Be7 13. b4 a6 14. a4 Nd7 15. Bxe7 Qxe7 16. b5 axb5 17. axb5 0-0 18. bxc6 bxc6 19. Ra6 Rfc8 20. Rfa1 Qd8 21. Qd1 Nd6 22. Nxd5 Rxa6 23. Rxa6 Nb8 24. Nb4 Nxa6 25. Nxa6 Ne4 26. Qd3 Qa5 27. g3 Qa1+ 28. Qf1 Qxf1+ 29. Kxf1 Ra8 30. Nb4 c5 31. dxc5 Nxc5 32. Ne5 Ne4 33. Ke2 Ra4 34. Ned3 g5 35. Kf3 Nf6 36. e4 Kg7 37. e5 Nd7 38. Ke4 Kg6 39. Kd5 Kf5 40. Kd6 Nxe5 41. Nxe5 Rxb4 42. g4+ Kf6 1-0

[Event "CRO-chT1B"]
[Site "Bol"]
[Date "2014.10.10"]
[Round "7.5"]
[White "Muskardin, Mario"]
[Black "Anic, Darko"]
[Result "1-0"]
[WhiteElo "2264"]
[BlackElo "2403"]
[PlyCount "79"]
[EventDate "2014.10.04"]
[EventType "team-tourn"]
[EventRounds "9"]
[EventCountry "CRO"]
[SourceTitle "CBM 162 Extra"]
[Source "ChessBase"]
[SourceDate "2014.10.17"]
[SourceVersion "1"]
[SourceVersionDate "2014.10.17"]
[SourceQuality "1"]
[WhiteTeam "Koprivnica"]
[BlackTeam "Zadar"]
[WhiteTeamCountry "CRO"]
[BlackTeamCountry "CRO"]

1. Nf3 Nf6 2. c4 c6 3. g3 d6 4. Nc3 e5 5. d3 h6 6. Bg2 Be7 7. 0-0 Be6 8. b3 Nbd7 9. Bb2 0-0 10. Rc1 a6 11. Qc2 Re8 12. d4 Bg4 13. Rfd1 Qc7 14. Nh4 Nh7 15. dxe5 dxe5 16. Nf5 Bf8 17. h3 Bh5 18. Nh4 Be7 19. Qf5 Ndf6 20. g4 g5 21. gxh5 gxh4 22. Ne4 Nxe4 23. Bxe4 Nf6 24. Bxe5 Qc8 25. Bxf6 Qxf5 26. Bxf5 Bxf6 27. e4 Bg5 28. Rc3 a5 29. Rd7 Re7 30. Rcd3 Rxd7 31. Rxd7 Rd8 32. Rxb7 Rd1+ 33. Kg2 Rd2 34. a4 Be3 35. Kf3 Bd4 36. e5 Rxf2+ 37. Ke4 Bb2 38. e6 fxe6 39. Bxe6+ Kf8 40. Bd7 1-0

[Event "CRO-chT1B"]
[Site "Bol"]
[Date "2014.10.09"]
[Round "6.1"]
[White "Anic, Darko"]
[Black "Ivic, Mateo"]
[Result "1-0"]
[WhiteElo "2403"]
[BlackElo "2333"]
[PlyCount "85"]
[EventDate "2014.10.04"]
[EventType "team-tourn"]
[EventRounds "9"]
[EventCountry "CRO"]
[SourceTitle "CBM 162 Extra"]
[Source "ChessBase"]
[SourceDate "2014.10.17"]
[SourceVersion "1"]
[SourceVersionDate "2014.10.17"]
[SourceQuality "1"]
[WhiteTeam "Zadar"]
[BlackTeam "Split Brda"]
[WhiteTeamCountry "CRO"]
[BlackTeamCountry "CRO"]

1. Nf3 Nf6 2. c4 g6 3. g3 Bg7 4. Bg2 0-0 5. 0-0 c5 6. d4 d6 7. b3 Nc6 8. Bb2 Ne4 9. e3 Bg4 10. h3 Bxf3 11. Bxf3 Ng5 12. Bg2 cxd4 13. exd4 Qb6 14. Nc3 Qxd4 15. Qc1 Qf6 16. f4 Ne6 17. Rf2 Qf5 18. Nd5 Ned4 19. Qd2 Qd7 20. Rd1 e6 21. Ne3 Rad8 22. b4 Nf5 23. Nxf5 gxf5 24. b5 Ne7 25. Bxg7 Kxg7 26. Qd4+ Kg8 27. Qxa7 Rb8 28. Rfd2 Qc7 29. Qd4 Rbd8 30. Qa7 Rd7 31. Qd4 Rc8 32. b6 Qd8 33. a4 d5 34. a5 Ra8 35. Qc3 Qc8 36. c5 Nc6 37. Ra2 Qf8 38. Rc1 Qe7 39. Kh2 h5 40. h4 e5 41. fxe5 Nxe5 42. a6 d4 43. Qd2 1-0

[Event "CRO-chT"]
[Site "Bol"]
[Date "2014.05.18"]
[Round "6.6"]
[White "Anic, Darko"]
[Black "Trbojevic, Mladen"]
[Result "1/2-1/2"]
[WhiteElo "2413"]
[BlackElo "2376"]
[PlyCount "64"]
[EventDate "2014.05.14"]
[EventType "team-swiss"]
[EventRounds "6"]
[EventCountry "CRO"]
[SourceTitle "CBM 160 Extra"]
[Source "ChessBase"]
[SourceDate "2014.07.01"]
[SourceVersion "1"]
[SourceVersionDate "2014.07.01"]
[SourceQuality "1"]
[WhiteTeam "Zadar"]
[BlackTeam "Strigova Stridon"]
[WhiteTeamCountry "CRO"]
[BlackTeamCountry "CRO"]

1. Nf3 Nf6 2. c4 g6 3. g3 Bg7 4. Bg2 d5 5. cxd5 Nxd5 6. d4 Nb6 7. 0-0 Nc6 8. Nc3 Nxd4 9. Nxd4 Qxd4 10. Qc2 Qc4 11. a4 a5 12. Bd2 Bf5 13. e4 Be6 14. Rfc1 0-0 15. Nd5 Qxc2 16. Rxc2 Nxd5 17. exd5 Bf5 18. Rxc7 Bxb2 19. Ra2 Bf6 20. Rxb7 Rfc8 21. h3 Bd3 22. Ra3 Bc4 23. Bc3 Ba6 24. Rbb3 Bxc3 25. Rxc3 Rxc3 26. Rxc3 Rc8 27. Rb3 Rc1+ 28. Kh2 Ra1 29. Rb8+ Kg7 30. Ra8 Bf1 31. Rxa5 Bxg2 32. Kxg2 Ra3 1/2-1/2

[Event "FRA-chT1 1011"]
[Site "France"]
[Date "2010.11.13"]
[Round "2.1"]
[White "Bruneau, Laurent"]
[Black "Anic, Darko"]
[Result "0-1"]
[WhiteElo "2228"]
[BlackElo "2414"]
[PlyCount "80"]
[EventDate "2010.10.17"]
[EventType "team-tourn"]
[EventRounds "11"]
[EventCountry "FRA"]
[SourceTitle "EXT 2012"]
[Source "ChessBase"]
[SourceDate "2011.11.24"]
[SourceVersion "1"]
[SourceVersionDate "2011.11.24"]
[SourceQuality "1"]

1. e4 e5 2. Nf3 Nc6 3. Bc4 Nf6 4. d3 Be7 5. 0-0 0-0 6. Nc3 d6 7. h3 Na5 8. Bb3 c6 9. Ne2 Qc7 10. Ng3 Nxb3 11. axb3 d5 12. Qe2 Bd6 13. Nh4 Re8 14. Bg5 Re6 15. Qf3 Bf8 16. Nhf5 g6 17. Nh6+ Kg7 18. Qe3 b6 19. Qe2 Ng8 20. Nxg8 Kxg8 21. f4 exf4 22. Bxf4 Qe7 23. Qf3 Bb7 24. e5 f5 25. d4 a5 26. Rfe1 Qb4 27. Qd1 c5 28. c3 Qb5 29. Ne2 Be7 30. Be3 g5 31. Bf2 Rf8 32. Nc1 c4 33. Qc2 Qd7 34. Na2 f4 35. b4 Rg6 36. bxa5 bxa5 37. Qe2 Bc8 38. Qf3 g4 39. hxg4 Qxg4 40. Qxg4 Bxg4 0-1

[Event "Cannes op-A"]
[Site "Cannes"]
[Date "2010.03.01"]
[Round "2"]
[White "Anic, Darko"]
[Black "Fedorchuk, Sergey A"]
[Result "0-1"]
[WhiteElo "2428"]
[BlackElo "2641"]
[PlyCount "46"]
[EventDate "2010.02.28"]
[EventType "swiss"]
[EventRounds "9"]
[EventCountry "FRA"]
[SourceTitle "EXT 2011"]
[Source "ChessBase"]
[SourceDate "2010.11.26"]
[SourceVersion "1"]
[SourceVersionDate "2010.11.26"]
[SourceQuality "1"]

1. Nf3 Nf6 2. c4 e6 3. g3 a6 4. Bg2 b5 5. b3 Bb7 6. 0-0 c5 7. Bb2 Be7 8. d3 0-0 9. Nbd2 d6 10. e3 Nc6 11. Qe2 Rb8 12. Rfc1 Ba8 13. d4 cxd4 14. Nxd4 Nxd4 15. Bxd4 Bxg2 16. Kxg2 Qd7 17. Qf3 Rfc8 18. cxb5 axb5 19. Rxc8+ Qxc8 20. a4 bxa4 21. bxa4 e5 22. Ba7 Rb7 23. Rc1 Qd7 0-1

[Event "FRA-chT2 0910"]
[Site "France"]
[Date "2010.01.24"]
[Round "7.1"]
[White "Kosten, Anthony C"]
[Black "Anic, Darko"]
[Result "1-0"]
[WhiteElo "2506"]
[BlackElo "2445"]
[PlyCount "53"]
[EventDate "2009.09.27"]
[EventType "team-tourn"]
[EventRounds "11"]
[EventCountry "FRA"]
[SourceTitle "EXT 2011"]
[Source "ChessBase"]
[SourceDate "2010.11.26"]
[SourceVersion "1"]
[SourceVersionDate "2010.11.26"]
[SourceQuality "1"]

1. e4 c6 2. d4 d5 3. exd5 cxd5 4. c4 Nf6 5. Nc3 Nc6 6. Bg5 Be6 7. Nf3 Qd7 8. Be2 Ne4 9. 0-0 Nxc3 10. bxc3 dxc4 11. Nd2 g6 12. Nxc4 Bg7 13. Ne3 Rd8 14. Bf3 Qc7 15. Qa4 h6 16. Bh4 Qd7 17. Qa3 g5 18. Bg3 g4 19. Be4 f5 20. Bc2 0-0 21. d5 f4 22. dxe6 Qc7 23. Qa4 fxg3 24. hxg3 h5 25. Qe4 Rf6 26. Qh7+ Kf8 27. Nf5 1-0

[Event "FRA-chT2 0910"]
[Site "France"]
[Date "2009.11.22"]
[Round "4.1"]
[White "Laclau, Daniel"]
[Black "Anic, Darko"]
[Result "1-0"]
[WhiteElo "2280"]
[BlackElo "2445"]
[PlyCount "137"]
[EventDate "2009.09.27"]
[EventType "team-tourn"]
[EventRounds "11"]
[EventCountry "FRA"]
[SourceTitle "EXT 2011"]
[Source "ChessBase"]
[SourceDate "2010.11.26"]
[SourceVersion "1"]
[SourceVersionDate "2010.11.26"]
[SourceQuality "1"]

1. d4 c6 2. Nf3 Nf6 3. c4 d6 4. Nc3 Nbd7 5. e4 e5 6. Be2 Be7 7. 0-0 0-0 8. Qc2 Re8 9. Rd1 Qc7 10. h3 a6 11. Be3 b5 12. a3 Bb7 13. Rac1 exd4 14. Nxd4 Bf8 15. Nf5 Rac8 16. Bf4 Ne5 17. cxb5 cxb5 18. Qd2 Qb8 19. Nxd6 Rcd8 20. Nxe8 Rxd2 21. Nxf6+ gxf6 22. Bxd2 Qa8 23. Nd5 Bxd5 24. exd5 Qxd5 25. Rc8 Qe6 26. Ra8 Kg7 27. Be3 Be7 28. Rc1 Nc4 29. Bxc4 bxc4 30. Rd1 Qc6 31. Ra7 Bd6 32. Rd4 h5 33. Rh4 Kg6 34. g4 hxg4 35. Rxg4+ Kf5 36. Rxf7 Qf3 37. Rh7 Be5 38. Rhh4 Qd1+ 39. Kg2 Qd5+ 40. f3 Qd3 41. Bf2 Bxb2 42. Rxc4 Bxa3 43. Rhd4 Qe2 44. Rf4+ Kg6 45. Rg4+ Kf7 46. Rc7+ Kf8 47. Rh4 Kg8 48. Rd4 Qe8 49. Re4 Qd8 50. Rg4+ Kh8 51. Rh4+ Kg8 52. Rhc4 Bf8 53. Rc8 Qa5 54. R8c7 Bd6 55. Rd7 Bf8 56. Rc8 Qg5+ 57. Bg3 a5 58. Rdd8 Kg7 59. Rxf8 Qd2+ 60. Bf2 a4 61. Ra8 Qg5+ 62. Bg3 Qb5 63. Ra7+ Kg6 64. Rg8+ Kf5 65. Bf2 Qb3 66. Raa8 Kf4 67. Bg3+ Kf5 68. Rg7 Qb2+ 69. Bf2 1-0

[Event "FRA-chT2 South 0809"]
[Site "France"]
[Date "2009.02.08"]
[Round "7.1"]
[White "Favarel, Julien"]
[Black "Anic, Darko"]
[Result "1/2-1/2"]
[WhiteElo "2288"]
[BlackElo "2463"]
[PlyCount "71"]
[EventDate "2008.10.12"]
[EventType "tourn"]
[EventRounds "11"]
[EventCountry "FRA"]
[SourceTitle "EXT 2010"]
[Source "ChessBase"]
[SourceDate "2010.11.25"]
[SourceVersion "1"]
[SourceVersionDate "2010.11.25"]
[SourceQuality "1"]
[WhiteTeam "Agen"]
[BlackTeam "Saint Affrique"]
[WhiteTeamCountry "FRA"]
[BlackTeamCountry "FRA"]

1. d4 c6 2. c4 Nf6 3. Nc3 d6 4. e4 Nbd7 5. Nf3 e5 6. Be2 Be7 7. 0-0 0-0 8. Qc2 Re8 9. Rd1 Qc7 10. Bg5 a6 11. Bh4 b5 12. a3 Bb7 13. Rac1 Rac8 14. cxb5 cxb5 15. Qb1 Qb8 16. dxe5 dxe5 17. Nd5 Nxd5 18. exd5 Rxc1 19. Qxc1 e4 20. Bg3 Bd6 21. Bxd6 Qxd6 22. Nd4 g6 23. Qg5 Qf6 24. Qxf6 Nxf6 25. d6 Rd8 26. Nb3 Bd5 27. Nc5 Rxd6 28. b4 Kf8 29. h4 h6 30. a4 bxa4 31. Ra1 Bb3 32. Nxa4 Bxa4 33. Rxa4 Nd5 34. Bxa6 Nxb4 35. Rxb4 Rxa6 36. Rxe4 1/2-1/2

[Event "FRA-chT2 South 0708"]
[Site "France"]
[Date "2008.04.05"]
[Round "10.1"]
[White "Anic, Darko"]
[Black "Etchegaray, Patrice"]
[Result "1-0"]
[WhiteElo "2453"]
[BlackElo "2378"]
[PlyCount "143"]
[EventDate "2007.10.21"]
[EventType "team-tourn"]
[EventRounds "11"]
[EventCountry "FRA"]
[SourceTitle "EXT 2009"]
[Source "ChessBase"]
[SourceDate "2008.11.26"]
[SourceVersion "1"]
[SourceVersionDate "2008.11.26"]
[SourceQuality "1"]
[WhiteTeam "Montpellier II"]
[BlackTeam "Chamalieres"]
[WhiteTeamCountry "FRA"]
[BlackTeamCountry "FRA"]

1. Nf3 Nf6 2. c4 g6 3. g3 Bg7 4. Bg2 0-0 5. 0-0 d6 6. d4 Nc6 7. Nc3 a6 8. h3 Bd7 9. Be3 e5 10. Rc1 exd4 11. Nxd4 Re8 12. Qd2 Qc8 13. Kh2 Re5 14. Nxc6 bxc6 15. Bg5 h6 16. f4 Re8 17. Bxf6 Bxf6 18. e4 Rb8 19. c5 Bg7 20. b3 Rb4 21. cxd6 cxd6 22. Rfd1 Rd4 23. Qf2 Rxd1 24. Nxd1 c5 25. Ne3 Bc6 26. Nc4 Bf8 27. e5 Bxg2 28. Qxg2 dxe5 29. fxe5 Rd8 30. Rf1 Be7 31. Qf3 Qe6 32. Rd1 Rxd1 33. Qxd1 h5 34. Qd3 Qc6 35. Nd6 Bf8 36. Qe4 Qd7 37. Qd5 Qe7 38. Kg2 Bg7 39. Nc4 h4 40. g4 Qg5 41. Qxc5 Qf4 42. Qe3 Qxe3 43. Nxe3 Bxe5 44. Kf3 Kf8 45. Ke4 Bg3 46. Nd5 Ke8 47. Nb4 a5 48. Nc6 Be1 49. a3 Kd7 50. Kd5 f6 51. b4 axb4 52. axb4 f5 53. Ne5+ Kc7 54. g5 Bxb4 55. Ke6 Bd2 56. Nf3 Be3 57. Kf6 Kd6 58. Kxg6 f4 59. Kf5 Bf2 60. Kxf4 Ke6 61. Kg4 Kf7 62. Nxh4 Kg7 63. Nf5+ Kh7 64. h4 Be1 65. Nd4 Bc3 66. Ne6 Kg6 67. h5+ Kh7 68. Kf5 Bb2 69. Nf8+ Kg7 70. Nd7 Bc1 71. h6+ Kh7 72. Ne5 1-0

[Event "FRA-chT2 South 0708"]
[Site "France"]
[Date "2008.03.16"]
[Round "9.1"]
[White "Daumens, Michel"]
[Black "Anic, Darko"]
[Result "0-1"]
[WhiteElo "2196"]
[BlackElo "2448"]
[PlyCount "104"]
[EventDate "2007.10.21"]
[EventType "team-tourn"]
[EventRounds "11"]
[EventCountry "FRA"]
[SourceTitle "EXT 2009"]
[Source "ChessBase"]
[SourceDate "2008.11.26"]
[SourceVersion "1"]
[SourceVersionDate "2008.11.26"]
[SourceQuality "1"]
[WhiteTeam "Echiquier Bordelais"]
[BlackTeam "Montpellier II"]
[WhiteTeamCountry "FRA"]
[BlackTeamCountry "FRA"]

1. d4 c6 2. e4 d5 3. Nd2 dxe4 4. Nxe4 Nf6 5. Nxf6+ gxf6 6. c3 Bf5 7. Ne2 Nd7 8. Ng3 Bg6 9. h4 h5 10. Be2 e5 11. Be3 Qb6 12. Qd2 exd4 13. Bxd4 c5 14. Be3 0-0-0 15. Rd1 Be7 16. Qc1 Ne5 17. 0-0 Qe6 18. Rxd8+ Rxd8 19. b3 Nd3 20. Qa3 Bd6 21. Bxd3 Bxd3 22. Re1 a6 23. Qa4 Bb5 24. Qe4 Bxg3 25. Qxe6+ fxe6 26. fxg3 c4 27. Bc5 Rd2 28. Rxe6 Rxa2 29. b4 Bc6 30. Rxf6 Rxg2+ 31. Kf1 Rxg3 32. Bd4 Rg4 33. Rf8+ Kd7 34. Bf6 Rf4+ 35. Ke2 Ke6 36. Bg7 Rxh4 37. Ke3 Re4+ 38. Kd2 Rg4 39. Bd4 h4 40. Rh8 Bg2 41. Ke3 h3 42. Rh6+ Kf5 43. Rh5+ Kg6 44. Rh8 Re4+ 45. Kf2 Re7 46. Kg3 Kf5 47. Rh4 Re4 48. Rh5+ Ke6 49. Rh6+ Kd7 50. Rh7+ Kc6 51. Rh6+ Kb5 52. Bf2 Ka4 0-1

[Event "FRA-chT1B 0607"]
[Site "France"]
[Date "2007.01.21"]
[Round "6.1"]
[White "Charnushevich, Aliaksei"]
[Black "Anic, Darko"]
[Result "1/2-1/2"]
[WhiteElo "2526"]
[BlackElo "2450"]
[PlyCount "53"]
[EventDate "2006.10.15"]
[EventType "team-tourn"]
[EventRounds "11"]
[EventCountry "FRA"]
[SourceTitle "EXT 2008"]
[Source "ChessBase"]
[SourceDate "2007.11.25"]
[SourceVersion "1"]
[SourceVersionDate "2007.11.25"]
[SourceQuality "1"]
[WhiteTeam "Besancon TPG"]
[BlackTeam "Cannes II"]
[WhiteTeamCountry "FRA"]
[BlackTeamCountry "FRA"]

1. d4 c6 2. e4 d5 3. e5 Bf5 4. Be3 e6 5. Nd2 h6 6. Ne2 Nd7 7. Ng3 Bh7 8. Nb3 Ne7 9. Be2 Nf5 10. Nxf5 Bxf5 11. 0-0 h5 12. c3 h4 13. Nd2 Be7 14. b4 a5 15. a3 b5 16. a4 axb4 17. axb5 bxc3 18. bxc6 Rxa1 19. Qxa1 cxd2 20. Bb5 0-0 21. cxd7 Qb6 22. Qa6 Qxa6 23. Bxa6 Ra8 24. Bb5 Ra5 25. Be2 Ra7 26. Bb5 Ra5 27. Be2 1/2-1/2

[Event "FRA-chT1B 0607"]
[Site "France"]
[Date "2006.11.06"]
[Round "3.2"]
[White "Anic, Darko"]
[Black "Vernay, Clovis"]
[Result "1-0"]
[WhiteElo "2450"]
[BlackElo "2341"]
[PlyCount "85"]
[EventDate "2006.10.15"]
[EventType "team-tourn"]
[EventRounds "11"]
[EventCountry "FRA"]
[SourceTitle "EXT 2008"]
[Source "ChessBase"]
[SourceDate "2007.11.25"]
[SourceVersion "1"]
[SourceVersionDate "2007.11.25"]
[SourceQuality "1"]
[WhiteTeam "Cannes II"]
[BlackTeam "Lyon Olympique"]
[WhiteTeamCountry "FRA"]
[BlackTeamCountry "FRA"]

1. Nf3 d5 2. g3 c6 3. Bg2 Bg4 4. d3 Nf6 5. Nbd2 Nbd7 6. h3 Bh5 7. 0-0 e5 8. e4 Bd6 9. Qe1 0-0 10. Nh4 Re8 11. Nb3 a5 12. a4 Bb4 13. Bd2 Bxd2 14. Qxd2 Qb6 15. Rfe1 Nc5 16. Nxc5 Qxc5 17. exd5 Nxd5 18. Nf5 Bg6 19. Ne3 Nc7 20. Nd1 Ne6 21. Ne3 Nc7 22. Ra3 Rad8 23. Qc3 Qxc3 24. Rxc3 e4 25. dxe4 Bxe4 26. Nc4 Bd5 27. Rxe8+ Rxe8 28. Bxd5 Nxd5 29. Rb3 b5 30. Nxa5 bxa4 31. Rb7 c5 32. Rb5 Rc8 33. Nb7 Nb4 34. Rxc5 Rxc5 35. Nxc5 Nxc2 36. Nxa4 Kf8 37. Kf1 Nd4 38. Ke1 h5 39. h4 Ke7 40. Kd2 Ke6 41. Kd3 Ke5 42. f4+ Kd5 43. Nc3+ 1-0